[Event "SR 2. liga A 2016/2017"]
[Site "?"]
[Date "2018.02.25"]
[Round "9.2"]
[White "Macka, Oto"]
[Black "Federic, Jozef"]
[Result "1/2-1/2"]
[WhiteElo "2019"]
[BlackElo "2223"]
[PlyCount "95"]
[EventDate "2017.??.??"]
[WhiteTeam "SK Doprastav Bratislava B"]
[BlackTeam "SK Modra B"]

1. f4 d5 2. Nf3 Bg4 3. e3 Nc6 4. Bb5 Qd6 5. h3 Bxf3 6. Qxf3 a6 7. Ba4 Nf6 8.
Nc3 e6 9. Bxc6+ Qxc6 10. d3 Be7 11. O-O O-O 12. Bd2 b5 13. Rfc1 Qd7 14. Rd1 Bc5
15. Kh1 c6 16. Ne2 Ne8 17. Bc3 Rd8 18. b3 f6 19. Ng3 Nd6 20. Bb2 Qf7 21. Re1
Qg6 22. Rad1 Rfe8 23. e4 f5 24. exf5 Nxf5 25. Nxf5 exf5 26. Be5 Re6 27. Re2
Rde8 28. Rde1 Bb4 29. c3 Be7 30. Bd4 Bh4 31. Rxe6 Rxe6 32. Rxe6 Qxe6 33. Qe3
Qxe3 34. Bxe3 Kf7 35. Kg1 Be1 36. c4 Ke6 37. Kf1 Bc3 38. Bc5 Bd2 39. g3 h5 40.
Ke2 Bc3 41. Kf3 g6 42. Bf8 Kd7 43. Bc5 Kc7 44. cxd5 cxd5 45. d4 Kc6 46. h4 Be1
47. Kg2 Bc3 48. Kf3 1/2-1/2

[Event "SR 2. liga A 2016/2017"]
[Site "?"]
[Date "2018.02.25"]
[Round "9.2"]
[White "Federic, Pavol"]
[Black "Gzib, David"]
[Result "1/2-1/2"]
[WhiteElo "2141"]
[BlackElo "1875"]
[PlyCount "102"]
[EventDate "2017.??.??"]
[WhiteTeam "SK Modra B"]
[BlackTeam "SK Doprastav Bratislava B"]

1. e4 c5 2. Nf3 Nc6 3. d4 cxd4 4. Nxd4 g6 5. Be3 Nf6 6. Nc3 Bg7 7. Be2 O-O 8.
O-O d5 9. exd5 Nb4 10. d6 Qxd6 11. Ndb5 Qxd1 12. Raxd1 Bf5 13. Bxa7 Bxc2 14.
Rc1 Bd3 15. a3 Bxe2 16. Nxe2 Nc6 17. Bd4 Nxd4 18. Nexd4 Nd5 19. Rc5 e6 20. g3
Rac8 21. Rfc1 Rxc5 22. Rxc5 Rd8 23. b3 Nb6 24. Nc2 Rd5 25. Rxd5 Nxd5 26. a4 Kf8
27. Nd6 b6 28. Nc4 Ke7 29. Kf1 Kd7 30. Ke2 Kc6 31. a5 bxa5 32. Nxa5+ Kb6 33.
Nc4+ Kc5 34. Kd3 Nb4+ 35. Nxb4 Kxb4 36. Nd6 f5 37. Ne8 Be5 38. f4 Bh8 39. Kc2
e5 40. Nc7 exf4 41. gxf4 Bd4 42. Ne6 Bg1 43. h3 Be3 44. Kd3 Bc1 45. Kc2 Be3 46.
Kd3 Bc1 47. Ke2 Kxb3 48. Kf3 Kc4 49. Nf8 g5 50. fxg5 Bxg5 51. Nxh7 Bh6 1/2-1/2

[Event "SR 2. liga A 2016/2017"]
[Site "?"]
[Date "2018.02.25"]
[Round "9.2"]
[White "Helbich, Branislav"]
[Black "Mydlarik, Martin"]
[Result "1/2-1/2"]
[WhiteElo "1955"]
[BlackElo "2122"]
[PlyCount "44"]
[EventDate "2017.??.??"]
[WhiteTeam "SK Doprastav Bratislava B"]
[BlackTeam "SK Modra B"]

1. e4 e6 2. d4 d5 3. Nd2 c5 4. Ngf3 cxd4 5. Nxd4 Nf6 6. Bb5+ Bd7 7. Qe2 Qb6 8.
c3 Bc5 9. Bxd7+ Nbxd7 10. e5 Bxd4 11. cxd4 Ng8 12. Nf3 Ne7 13. b3 O-O 14. O-O
Nc6 15. Ba3 Rfc8 16. Rfd1 Nb4 17. Rac1 Qa5 18. Bxb4 Qxb4 19. Qd2 Qxd2 20. Nxd2
Kf8 21. Kf1 Ke7 22. Ke2 h6 1/2-1/2

[Event "SR 2. liga A 2016/2017"]
[Site "?"]
[Date "2018.02.25"]
[Round "9.2"]
[White "Michal, Silvio"]
[Black "Henc, Marian"]
[Result "1/2-1/2"]
[WhiteElo "2102"]
[BlackElo "1929"]
[PlyCount "82"]
[EventDate "2017.??.??"]
[WhiteTeam "SK Modra B"]
[BlackTeam "SK Doprastav Bratislava B"]

1. c4 Nf6 2. d4 g6 3. Nc3 Bg7 4. g3 d6 5. Bg2 Na6 6. e4 c5 7. d5 Bd7 8. f4 O-O
9. Nf3 Rb8 10. e5 Ng4 11. Qe2 Nc7 12. h3 Nh6 13. g4 b5 14. O-O bxc4 15. f5 dxe5
16. Nxe5 Nb5 17. Nxd7 Qxd7 18. Nxb5 Rxb5 19. Be3 Rxb2 20. Qxc4 Qd6 21. Qxc5
Qxc5 22. Bxc5 Rc2 23. Bxe7 Bxa1 24. Rxa1 Re8 25. f6 Kh8 26. d6 Rd2 27. Bc6 Rc8
28. Ba4 Ng8 29. d7 Rb8 30. Rc1 Rxa2 31. Bb3 Rd2 32. Rd1 Rxd7 33. Rxd7 Rxb3 34.
Rxa7 Rxh3 35. Kg2 Re3 36. Ra8 h6 37. Rf8 h5 38. gxh5 gxh5 39. Rxf7 Nh6 40. Rf8+
Kh7 41. Ra8 Kg6 1/2-1/2

[Event "SR 2. liga A 2016/2017"]
[Site "?"]
[Date "2018.02.25"]
[Round "9.2"]
[White "Tomanek, Rafael"]
[Black "Bartos, Miloslav"]
[Result "1/2-1/2"]
[WhiteElo "1960"]
[BlackElo "2131"]
[PlyCount "42"]
[EventDate "2017.??.??"]
[WhiteTeam "SK Doprastav Bratislava B"]
[BlackTeam "SK Modra B"]

1. d4 Nf6 2. Nf3 d5 3. c4 c6 4. Nc3 g6 5. Bg5 Nbd7 6. e3 Bg7 7. Be2 Ne4 8. cxd5
Nxc3 9. bxc3 cxd5 10. O-O O-O 11. Qb3 Nf6 12. c4 Ne4 13. cxd5 Nxg5 14. Nxg5 e6
15. Ne4 Qxd5 16. Qxd5 exd5 17. Nc3 Rd8 18. Bf3 Be6 19. Rab1 Rac8 20. Rfc1 Rc4
21. Ne2 Ra4 1/2-1/2

[Event "SR 2. liga A 2016/2017"]
[Site "?"]
[Date "2018.02.25"]
[Round "9.2"]
[White "Sandor, Martin"]
[Black "Novak, Stanislav"]
[Result "1/2-1/2"]
[WhiteElo "1967"]
[BlackElo "1941"]
[PlyCount "41"]
[EventDate "2017.??.??"]
[WhiteTeam "SK Modra B"]
[BlackTeam "SK Doprastav Bratislava B"]

1. e4 d6 2. d4 Nf6 3. Nc3 g6 4. Nf3 Bg7 5. Be3 O-O 6. Be2 c6 7. a4 Nbd7 8. h3
e5 9. dxe5 Nxe5 10. Nxe5 dxe5 11. Bc5 Qxd1+ 12. Rxd1 Re8 13. Bc4 Be6 14. Bxe6
Rxe6 15. Ke2 Ree8 16. Rd3 Bf8 17. Bxf8 Kxf8 18. Rhd1 Ke7 19. Ke3 Rad8 20. g3
Rxd3+ 21. Rxd3 1/2-1/2

[Event "SR 2. liga A 2016/2017"]
[Site "?"]
[Date "2018.02.25"]
[Round "9.2"]
[White "Vinarcik, Jan"]
[Black "Soldan, Jan"]
[Result "1-0"]
[WhiteElo "1896"]
[BlackElo "1768"]
[PlyCount "185"]
[EventDate "2017.??.??"]
[WhiteTeam "SK Doprastav Bratislava B"]
[BlackTeam "SK Modra B"]

1. e4 c5 2. Nc3 d6 3. g3 Nc6 4. Bg2 Nf6 5. d3 e5 6. Nge2 Be7 7. O-O O-O 8. h3
Bd7 9. g4 h5 10. f3 h4 11. f4 exf4 12. Nxf4 Nh7 13. Ncd5 Bg5 14. Ne3 g6 15. c3
Rc8 16. Nc4 Be8 17. Be3 b5 18. Nd2 Ne5 19. Qe2 a6 20. Nd5 Bxe3+ 21. Qxe3 Kg7
22. Rf2 Bd7 23. Qe2 Be6 24. Nf4 Qd7 25. b3 Nc6 26. Nf3 Qe7 27. d4 cxd4 28. cxd4
Bd7 29. d5 Ne5 30. Nxe5 Qxe5 31. Raf1 Qd4 32. Rd1 Qe5 33. Nd3 Qe7 34. Qb2+ Kg8
35. e5 dxe5 36. Nxe5 Qd6 37. Rdf1 Be8 38. Qd4 f6 39. Nd3 Kg7 40. Nf4 Bd7 41.
Re1 Ng5 42. Qd3 f5 43. gxf5 Bxf5 44. Qd2 Nh7 45. Qd4+ Nf6 46. Ne6+ Bxe6 47.
Rxe6 Rc1+ 48. Rf1 Rxf1+ 49. Kxf1 Qc7 50. d6 Qc1+ 51. Re1 Qc8 52. Kg1 Rf7 53.
Bd5 Rd7 54. Be6 Qe8 55. Qe5 Rd8 56. Qd4 Qc6 57. Rf1 Rf8 58. Bd5 Qe8 59. Rd1 Qd8
60. Bf3 Qe8 61. Qxh4 Qe3+ 62. Qf2 Qg5+ 63. Kh1 Qf5 64. Qg2 Nd7 65. Bg4 Qf7 66.
Re1 Re8 67. Rf1 Nf6 68. Qc6 Qd5+ 69. Qxd5 Nxd5 70. Rd1 Nf6 71. d7 Rd8 72. Bf3
Kf8 73. Rd6 a5 74. Bg4 Nxg4 75. hxg4 Ke7 76. Ra6 Rxd7 77. Rxa5 b4 78. Kg2 Rd3
79. Ra6 Kf7 80. Rb6 Rd2+ 81. Kf3 Rxa2 82. Rxb4 Ra1 83. Kf4 Rc1 84. Rb5 Rc7 85.
Kg5 Kg7 86. b4 Rc6 87. Rc5 Rb6 88. b5 Kg8 89. Kf4 Kf7 90. Ke5 Ke7 91. Kd5 Rd6+
92. Kc4 Kd7 93. Rd5 1-0

[Event "SR 2. liga A 2016/2017"]
[Site "?"]
[Date "2018.02.25"]
[Round "9.3"]
[White "Kostolansky, Sebastian Lukas"]
[Black "Lanc, Alois"]
[Result "1-0"]
[WhiteElo "2219"]
[BlackElo "2297"]
[PlyCount "71"]
[EventDate "2017.??.??"]
[WhiteTeam "SK Slovan Bratislava E"]
[BlackTeam "Lokomotiva Trnava B"]

1. e4 e5 2. Nf3 Nc6 3. Bb5 a6 4. Ba4 Nf6 5. d3 d6 6. c3 g6 7. O-O Bg7 8. Re1 b5
9. Bc2 O-O 10. Bg5 Bb7 11. Nbd2 h6 12. Bh4 Qe8 13. Nf1 Nh5 14. d4 Ne7 15. Ne3
Nf4 16. Bg3 Kh8 17. Qd2 g5 18. Nf5 Neg6 19. dxe5 dxe5 20. Rad1 Qe6 21. Bb3 Qf6
22. Qe3 h5 23. h3 Rad8 24. Bc2 Rxd1 25. Rxd1 Rd8 26. Rd2 Bf8 27. Rxd8 Qxd8 28.
h4 gxh4 29. Nxe5 Nxe5 30. Bxf4 Ng4 31. Qd4+ Qxd4 32. cxd4 c5 33. f3 Nf6 34. Be5
Bg7 35. dxc5 Bc8 36. c6 1-0

[Event "SR 2. liga A 2016/2017"]
[Site "?"]
[Date "2018.02.25"]
[Round "9.3"]
[White "Kovacocy, Pavol"]
[Black "Jancovic, Peter"]
[Result "0-1"]
[WhiteElo "2263"]
[BlackElo "2275"]
[PlyCount "160"]
[EventDate "2017.??.??"]
[WhiteTeam "Lokomotiva Trnava B"]
[BlackTeam "SK Slovan Bratislava E"]

1. e4 c5 2. Nf3 d6 3. d4 cxd4 4. Nxd4 Nf6 5. Nc3 a6 6. g3 e5 7. Nde2 Be7 8. Bg2
O-O 9. O-O b5 10. Bg5 Nbd7 11. Bxf6 Nxf6 12. Nd5 Nxd5 13. Qxd5 Rb8 14. Qd2 Be6
15. Nc3 Bg5 16. Qd1 Rc8 17. h4 Bh6 18. a3 Qb6 19. g4 Bf4 20. Bf3 Qc5 21. Ne2
Rfd8 22. Nxf4 exf4 23. c3 d5 24. exd5 Bxd5 25. Bxd5 Rxd5 26. Qf3 Rd2 27. Qxf4
Rxb2 28. a4 b4 29. cxb4 Rxb4 30. Qg3 Qd4 31. Rfd1 Qxg4 32. Qxg4 Rxg4+ 33. Kh2
Rxh4+ 34. Kg3 g5 35. Rd5 h6 36. Rd6 a5 37. Rd5 Rc3+ 38. Kg2 Rg4+ 39. Kf1 Rc2
40. Rf5 Kg7 41. Rb1 Kg6 42. Rxa5 Rf4 43. Ra6+ f6 44. a5 Rfxf2+ 45. Kg1 Ra2 46.
Ra8 Kh5 47. a6 Rfc2 48. a7 Rc6 49. Rf1 Rca6 50. Rf8 Rxa7 51. R8xf6 Ra1 52. Kg2
Rxf1 53. Rxf1 Ra2+ 54. Kg3 Ra3+ 55. Kg2 Kg4 56. Rf2 h5 57. Rb2 Ra4 58. Kh1 h4
59. Rg2+ Kh5 60. Kh2 Ra3 61. Rb2 Rf3 62. Kg2 Kg4 63. Kh2 h3 64. Rb4+ Rf4 65.
Rb3 Rf2+ 66. Kg1 Ra2 67. Rc3 Kh4 68. Rb3 g4 69. Rb4 Re2 70. Ra4 Kg3 71. Ra1 Re3
72. Rb1 Re2 73. Ra1 Kf3 74. Rf1+ Ke3 75. Ra1 g3 76. Ra3+ Kf4 77. Ra1 Kf3 78.
Rb1 Rg2+ 79. Kf1 Rd2 80. Kg1 Ke2 0-1

[Event "SR 2. liga A 2016/2017"]
[Site "?"]
[Date "2018.02.25"]
[Round "9.3"]
[White "Nestorenko, Dmitry"]
[Black "Kavon, Rastislav"]
[Result "1/2-1/2"]
[WhiteElo "2240"]
[BlackElo "2182"]
[PlyCount "88"]
[EventDate "2017.??.??"]
[WhiteTeam "SK Slovan Bratislava E"]
[BlackTeam "Lokomotiva Trnava B"]

1. e4 e5 2. Nf3 Nc6 3. c3 Nf6 4. d4 d6 5. Bd3 g6 6. h3 Bg7 7. Bg5 O-O 8. Qd2
Qe8 9. d5 Ne7 10. c4 Nd7 11. Nc3 a6 12. b4 f5 13. O-O f4 14. c5 h6 15. Bxe7
Qxe7 16. cxd6 cxd6 17. Rac1 g5 18. g4 h5 19. Nh2 f3 20. Qe3 hxg4 21. hxg4 Rf4
22. Nxf3 Nf6 23. Ne1 Bxg4 24. f3 Bh3 25. Ng2 Nh5 26. Ne2 Rf7 27. Kh2 Nf4 28.
Nexf4 gxf4 29. Qf2 Bf6 30. Rg1 Kh8 31. Nxf4 exf4 32. Kxh3 Rg7 33. Rxg7 Qxg7 34.
Rg1 Bg5 35. Rg4 Rg8 36. Kh2 Qh6+ 37. Kg1 Bf6 38. Rxg8+ Kxg8 39. Qg2+ Qg7 40.
Qxg7+ Kxg7 41. b5 axb5 42. Bxb5 Bd4+ 43. Kg2 Kf6 44. Kh3 Ke5 1/2-1/2

[Event "SR 2. liga A 2016/2017"]
[Site "?"]
[Date "2018.02.25"]
[Round "9.3"]
[White "Arendas, Marek"]
[Black "Hacik, Radomir"]
[Result "1-0"]
[WhiteElo "2095"]
[BlackElo "2137"]
[PlyCount "123"]
[EventDate "2017.??.??"]
[WhiteTeam "Lokomotiva Trnava B"]
[BlackTeam "SK Slovan Bratislava E"]

1. e4 c6 2. d4 d5 3. Nc3 dxe4 4. Nxe4 Bf5 5. Ng3 Bg6 6. Nf3 Nd7 7. Bd3 e6 8.
Bxg6 hxg6 9. Qd3 Ngf6 10. Bd2 Bd6 11. Ne2 Qc7 12. Ng5 c5 13. h3 c4 14. Qf3 Nb6
15. Nc3 a6 16. Nce4 Nxe4 17. Nxe4 Nd5 18. a3 Rc8 19. Nc3 Qc6 20. Nxd5 Qxd5 21.
Qxd5 exd5 22. Bb4 Kd7 23. Bxd6 Kxd6 24. Kd2 Rh4 25. c3 Re4 26. Rhe1 Rce8 27.
Rxe4 dxe4 28. h4 Rh8 29. g3 g5 30. hxg5 Rh5 31. Ke3 Rxg5 32. Kxe4 Rb5 33. Rb1
Rb3 34. g4 b5 35. Ke3 a5 36. Kd2 b4 37. axb4 axb4 38. Kc2 bxc3 39. bxc3 Ra3 40.
Rb2 Ra1 41. Kd2 Rf1 42. Rb4 Rxf2+ 43. Ke3 Rg2 44. Kf3 Rd2 45. Rxc4 Rd3+ 46. Ke4
Rg3 47. Kf4 Rd3 48. Rc5 f6 49. g5 fxg5+ 50. Kxg5 Rf3 51. Kg4 Rf8 52. c4 Rf1 53.
Rg5 Rd1 54. c5+ Ke6 55. Rg6+ Ke7 56. Rd6 Rf1 57. Kg5 Rf2 58. d5 Rg2+ 59. Kf4
Rf2+ 60. Ke5 Re2+ 61. Kd4 g5 62. Rg6 1-0

[Event "SR 2. liga A 2016/2017"]
[Site "?"]
[Date "2018.02.25"]
[Round "9.3"]
[White "Zetocha, Adrian"]
[Black "Stetina, Erik"]
[Result "1-0"]
[WhiteElo "2028"]
[BlackElo "2022"]
[PlyCount "89"]
[EventDate "2017.??.??"]
[WhiteTeam "SK Slovan Bratislava E"]
[BlackTeam "Lokomotiva Trnava B"]

1. d4 Nf6 2. c4 c5 3. d5 b5 4. cxb5 a6 5. bxa6 g6 6. Nc3 Bg7 7. e4 O-O 8. g3
Qa5 9. Bd2 Bxa6 10. Bg2 d6 11. Nge2 Nbd7 12. O-O Ng4 13. Re1 Nge5 14. b3 Nd3
15. Rf1 Rfc8 16. Na4 Nb4 17. Rc1 Qd8 18. Bxb4 cxb4 19. Qd2 Bc3 20. Naxc3 bxc3
21. Qc2 Ne5 22. Rfd1 Bxe2 23. Qxe2 Qa5 24. f4 Qc5+ 25. Kh1 c2 26. Rd2 Rxa2 27.
fxe5 Qa3 28. Qe1 Rb2 29. Bf1 Qxb3 30. exd6 exd6 31. Bd3 Rc3 32. Qf1 Qa2 33. Kg1
Qa7+ 34. Qf2 Qa3 35. Rcxc2 Rb1+ 36. Bf1 Rf3 37. Rc8+ Kg7 38. Qd4+ Kh6 39. Rd1
Rxd1 40. Qxd1 Qe3+ 41. Kh1 Rf2 42. Bg2 Rd2 43. Qf1 Rf2 44. Qc1 Rd2 45. Rc2 1-0

[Event "SR 2. liga A 2016/2017"]
[Site "?"]
[Date "2018.02.25"]
[Round "9.3"]
[White "Szitkey, Milan"]
[Black "Cambel, Vladimir"]
[Result "1/2-1/2"]
[WhiteElo "2088"]
[BlackElo "1986"]
[PlyCount "58"]
[EventDate "2017.??.??"]
[WhiteTeam "Lokomotiva Trnava B"]
[BlackTeam "SK Slovan Bratislava E"]

1. e4 c5 2. Nf3 g6 3. c3 Bg7 4. d4 Qa5 5. Nbd2 cxd4 6. Nb3 Qc7 7. cxd4 Nf6 8.
Bd3 O-O 9. O-O d6 10. h3 b6 11. Be3 Nbd7 12. Rc1 Qb8 13. Nbd2 Bb7 14. Re1 Rc8
15. Qb3 h6 16. Rxc8+ Qxc8 17. Bc4 Qe8 18. e5 dxe5 19. dxe5 Ne4 20. e6 fxe6 21.
Bxe6+ Kh7 22. Bf7 Qd8 23. Qe6 Nf8 24. Bxg6+ Nxg6 25. Nxe4 Qd5 26. Qxd5 Bxd5 27.
Nc3 Bxc3 28. bxc3 Bxa2 29. Ra1 Bd5 1/2-1/2

[Event "SR 2. liga A 2016/2017"]
[Site "?"]
[Date "2018.02.25"]
[Round "9.3"]
[White "Djubek, Boris"]
[Black "Sturdik, Igor"]
[Result "1/2-1/2"]
[WhiteElo "2153"]
[BlackElo "1992"]
[PlyCount "53"]
[EventDate "2017.??.??"]
[WhiteTeam "SK Slovan Bratislava E"]
[BlackTeam "Lokomotiva Trnava B"]

1. d4 Nf6 2. c4 c5 3. d5 e6 4. Nc3 exd5 5. cxd5 d6 6. e4 g6 7. Nf3 Bg7 8. Be2
O-O 9. O-O Re8 10. Qc2 Na6 11. a3 Nc7 12. Bf4 Nh5 13. Bg5 f6 14. Be3 f5 15.
exf5 Bxf5 16. Qd2 a6 17. Rac1 b5 18. b4 c4 19. Nd4 Bd7 20. Bf3 Be5 21. g3 Ng7
22. Bg5 Bf6 23. Bf4 Nf5 24. Nxf5 Bxf5 25. Rfe1 Qd7 26. Bg5 Qf7 27. Bxf6 1/2-1/2

[Event "SR 2. liga A 2016/2017"]
[Site "?"]
[Date "2018.02.25"]
[Round "9.3"]
[White "Mosny, Jaroslav"]
[Black "Vadila, Ondrej"]
[Result "0-1"]
[WhiteElo "1910"]
[BlackElo "2000"]
[PlyCount "66"]
[EventDate "2017.??.??"]
[WhiteTeam "Lokomotiva Trnava B"]
[BlackTeam "SK Slovan Bratislava E"]

1. d4 Nf6 2. Nf3 g6 3. e3 Bg7 4. Bd3 O-O 5. O-O d6 6. b3 Nc6 7. Bb2 Re8 8. Nbd2
e5 9. dxe5 dxe5 10. Bb5 e4 11. Nd4 Bd7 12. Nxc6 bxc6 13. Be2 Qe7 14. Nc4 Rad8
15. Qe1 Nd5 16. Bxg7 Kxg7 17. Qa5 Qf6 18. Rad1 Nc3 19. Rde1 Nxe2+ 20. Rxe2 Bg4
21. Rd2 Rxd2 22. Qxd2 Rd8 23. Qa5 Rd5 24. Qxc7 Bf3 25. gxf3 Rg5+ 26. Qg3 Rxg3+
27. fxg3 exf3 28. Kf2 g5 29. h3 h5 30. g4 h4 31. Rd1 Qc3 32. Rc1 Qb4 33. a3 Qb8
0-1

[Event "SR 2. liga A 2016/2017"]
[Site "?"]
[Date "2018.02.25"]
[Round "9.4"]
[White "Nemsak, Denis"]
[Black "Kolcak, Marek"]
[Result "0-1"]
[WhiteElo "2001"]
[BlackElo "2184"]
[PlyCount "88"]
[EventDate "2017.??.??"]
[WhiteTeam "SK Lowe Piestany"]
[BlackTeam "SK Slovan Bratislava D"]

1. e4 e6 2. d4 d5 3. exd5 exd5 4. c4 Nf6 5. Nc3 Bb4 6. Bd3 O-O 7. Nge2 Bg4 8.
f3 Bh5 9. O-O Bg6 10. cxd5 Nxd5 11. a3 Ba5 12. Bc4 c6 13. Bxd5 cxd5 14. Qb3
Bxc3 15. Nxc3 Nc6 16. Qxb7 Nxd4 17. Nxd5 Re8 18. Be3 Rb8 19. Qxa7 Ne2+ 20. Kf2
Qxd5 21. Rfe1 Bd3 22. b4 Nc3 23. Qd4 Qxd4 24. Bxd4 Nb5 25. Rxe8+ Rxe8 26. Bc5
Re2+ 27. Kg3 Nc3 28. a4 Ra2 29. Rxa2 Nxa2 30. b5 Nc3 31. b6 Ba6 32. a5 f6 33.
Kf4 Kf7 34. g4 Ke6 35. h4 Bb7 36. Ke3 Kd5 37. Bb4 Kc4 38. Bxc3 Kxc3 39. f4 Kc4
40. h5 g6 41. hxg6 hxg6 42. f5 g5 43. Kd2 Kb5 44. Kd3 Kxa5 0-1

[Event "SR 2. liga A 2016/2017"]
[Site "?"]
[Date "2018.02.25"]
[Round "9.4"]
[White "Janos, Jozef"]
[Black "Manak, Jozef"]
[Result "1/2-1/2"]
[WhiteElo "2127"]
[BlackElo "1967"]
[PlyCount "87"]
[EventDate "2017.??.??"]
[WhiteTeam "SK Slovan Bratislava D"]
[BlackTeam "SK Lowe Piestany"]

1. d4 Nf6 2. Nf3 e6 3. g3 d5 4. Bg2 c5 5. e3 Nc6 6. b3 cxd4 7. exd4 Ne4 8. O-O
Be7 9. c4 O-O 10. Bb2 Bd7 11. Nbd2 Nxd2 12. Qxd2 dxc4 13. bxc4 Qa5 14. Bc3 Bb4
15. Bxb4 Qxb4 16. Qxb4 Nxb4 17. Rab1 Nxa2 18. Rxb7 Bc6 19. Rb3 a5 20. d5 exd5
21. Rb6 Nb4 22. Nd4 Bd7 23. cxd5 Rab8 24. Rd6 Rb7 25. Nc6 Bxc6 26. dxc6 Ra7 27.
Ra1 g6 28. Bf1 a4 29. Bb5 a3 30. Rd7 Rxd7 31. cxd7 a2 32. Bc4 Rd8 33. Bxa2 Nxa2
34. Rxa2 Rxd7 35. Kg2 Kg7 36. Ra6 Rb7 37. g4 h6 38. h4 Rb4 39. Kg3 Rc4 40. Ra5
Rb4 41. h5 g5 42. Rf5 Rb3+ 43. f3 Ra3 44. Rb5 1/2-1/2

[Event "SR 2. liga A 2016/2017"]
[Site "?"]
[Date "2018.02.25"]
[Round "9.4"]
[White "Manak, Adrian"]
[Black "Tepper, Frantisek"]
[Result "1-0"]
[WhiteElo "1948"]
[BlackElo "2078"]
[PlyCount "95"]
[EventDate "2017.??.??"]
[WhiteTeam "SK Lowe Piestany"]
[BlackTeam "SK Slovan Bratislava D"]

1. e4 e5 2. Nc3 Nf6 3. f4 d5 4. fxe5 Nxe4 5. Nf3 Bg4 6. d3 Nc5 7. Qe2 Ne6 8.
Bd2 Nd4 9. Qf2 Nxc2+ 10. Kd1 Nxa1 11. Kc1 Be7 12. Kb1 O-O 13. Kxa1 c6 14. Qg3
Bf5 15. h4 Kh8 16. Nd4 Be6 17. Nxe6 fxe6 18. d4 c5 19. Bd3 cxd4 20. Ne2 Nc6 21.
Nf4 Qd7 22. h5 Rxf4 23. Bxf4 Nb4 24. Bxh7 Qa4 25. a3 d3 26. h6 Nc2+ 27. Ka2
Nb4+ 28. Kb1 g5 29. axb4 Qc2+ 30. Ka2 Kxh7 31. Rc1 Qa4+ 32. Kb1 Rg8 33. Rc7 Kh8
34. Qxd3 Qe8 35. Be3 Rf8 36. Bxg5 Rf7 37. Rxe7 Rxe7 38. Bf6+ Kg8 39. Bxe7 Qxe7
40. Qg6+ Kh8 41. Qf6+ Qxf6 42. exf6 Kg8 43. g4 e5 44. g5 e4 45. g6 e3 46. Kc2
d4 47. f7+ Kf8 48. h7 1-0

[Event "SR 2. liga A 2016/2017"]
[Site "?"]
[Date "2018.02.25"]
[Round "9.4"]
[White "Mikulas, Dusan"]
[Black "Slaba, Andrea"]
[Result "1-0"]
[WhiteElo "2046"]
[BlackElo "1921"]
[PlyCount "73"]
[EventDate "2017.??.??"]
[WhiteTeam "SK Slovan Bratislava D"]
[BlackTeam "SK Lowe Piestany"]

1. e4 e6 2. d4 d5 3. e5 c5 4. c3 Nc6 5. Nf3 Qb6 6. a3 c4 7. Nbd2 Na5 8. Rb1 Bd7
9. Be2 h6 10. O-O Ne7 11. b4 Nac6 12. Bxc4 Ng6 13. Bd3 O-O-O 14. Nb3 Qc7 15.
Bc2 Nge7 16. Nc5 g5 17. Nd2 Rg8 18. Ndb3 Ng6 19. g3 Be7 20. a4 h5 21. Bd2 h4
22. b5 Ncxe5 23. dxe5 Bxc5 24. Nxc5 Qxc5 25. Be3 Qc7 26. b6 axb6 27. Bxb6 Qxe5
28. Bxg6 Rxg6 29. Bxd8 Kxd8 30. Rxb7 f5 31. a5 hxg3 32. fxg3 Bc6 33. Rb6 Kc7
34. Qd2 Rg8 35. Qd4 Qxd4+ 36. cxd4 Ra8 37. Rc1 1-0

[Event "SR 2. liga A 2016/2017"]
[Site "?"]
[Date "2018.02.25"]
[Round "9.4"]
[White "Curidlo, Jan"]
[Black "Kolman, Richard"]
[Result "1/2-1/2"]
[WhiteElo "1842"]
[BlackElo "2025"]
[PlyCount "83"]
[EventDate "2017.??.??"]
[WhiteTeam "SK Lowe Piestany"]
[BlackTeam "SK Slovan Bratislava D"]

1. e4 c5 2. Nf3 e6 3. d4 cxd4 4. Nxd4 Nc6 5. c3 Qc7 6. Be3 a6 7. Be2 Nf6 8. Nd2
Be7 9. O-O O-O 10. Rc1 d6 11. f4 Bd7 12. Bf3 Rac8 13. Qe1 Nxd4 14. Bxd4 e5 15.
Be3 Bc6 16. fxe5 dxe5 17. Qf2 b5 18. h3 Qb7 19. Qg3 Nxe4 20. Nxe4 Bxe4 21. Qxe5
Bxf3 22. Rxf3 Qc7 23. Qxc7 Rxc7 24. Bd4 Bc5 25. Bxc5 Rxc5 26. Rd3 Rfc8 27. Rcd1
Kf8 28. Rd6 R5c6 29. R6d4 R8c7 30. Re1 f6 31. Kf2 Kf7 32. Kf3 Re6 33. Rde4 Rd6
34. Rd4 Rxd4 35. cxd4 Rd7 36. Rd1 Ke6 37. Ke3 Rc7 38. Rd2 f5 39. Kd3 g6 40.
Re2+ Kd6 41. a3 Rc1 42. Kd2 1/2-1/2

[Event "SR 2. liga A 2016/2017"]
[Site "?"]
[Date "2018.02.25"]
[Round "9.4"]
[White "Kuna, Vladimir"]
[Black "Musaev, Matej Elbek"]
[Result "0-1"]
[WhiteElo "2006"]
[BlackElo "1782"]
[PlyCount "186"]
[EventDate "2017.??.??"]
[WhiteTeam "SK Slovan Bratislava D"]
[BlackTeam "SK Lowe Piestany"]

1. d4 d5 2. Nf3 Nf6 3. c4 e6 4. Nc3 b6 5. Bg5 Be7 6. e3 h6 7. Bxf6 Bxf6 8. cxd5
exd5 9. Rc1 O-O 10. Be2 Bb7 11. Qb3 c6 12. O-O Qe7 13. Rfd1 Rd8 14. a3 Nd7 15.
Qa2 Rac8 16. b4 g6 17. Ne1 Bg7 18. Bf3 Nf6 19. Na4 Ne4 20. Rc2 Nd6 21. Nb2 h5
22. Qb3 Ba6 23. Rdc1 Bb7 24. a4 a6 25. Ned3 Qg5 26. a5 b5 27. Nc5 Qf6 28. Nbd3
Qe7 29. Nxb7 Qxb7 30. Nc5 Qa8 31. Re1 Re8 32. Qc3 Nf5 33. Rec1 Re7 34. Be2 Nd6
35. Qd2 Bh6 36. Qd1 Rce8 37. Nb3 Rc8 38. Nc5 Rcc7 39. Bd3 Nc4 40. Bxc4 bxc4 41.
Na4 Rb7 42. Nb6 Qb8 43. Rb1 Re6 44. Qf3 Bf8 45. Qd1 Bd6 46. h3 Qf8 47. Qd2 Re8
48. Rcb2 Reb8 49. Qc3 Qe7 50. Qa3 Bc7 51. Na4 Qd6 52. f4 Ra7 53. Nc5 Qe7 54.
Qc3 Qh4 55. Qd2 Re8 56. Qf2 Qxf2+ 57. Kxf2 Bd6 58. g3 Rb8 59. Ke2 c3 60. Rb3 c2
61. Rc1 Bxc5 62. dxc5 Rab7 63. Rxc2 Rxb4 64. Rxb4 Rxb4 65. Kd3 Rb5 66. Kd4 f6
67. Ra2 Kf7 68. g4 h4 69. Ra4 Ke6 70. Ra3 Rb4+ 71. Kd3 g5 72. fxg5 fxg5 73. Ra2
Ke5 74. Rf2 Rb3+ 75. Kc2 Rxe3 76. Rf5+ Ke4 77. Rxg5 Rxh3 78. Rg6 Rh2+ 79. Kb3
Kd4 80. Rxc6 Rg2 81. Rxa6 Kxc5 82. Rh6 Rg3+ 83. Kb2 Rxg4 84. a6 Ra4 85. a7 Rxa7
86. Rxh4 d4 87. Rh8 Kc4 88. Kc2 Ra2+ 89. Kb1 Re2 90. Kc1 Kd3 91. Rh3+ Re3 92.
Rxe3+ Kxe3 93. Kd1 Kd3 0-1

[Event "SR 2. liga A 2016/2017"]
[Site "?"]
[Date "2018.02.25"]
[Round "9.4"]
[White "Siska, Kristof"]
[Black "Hudec, Jan"]
[Result "1/2-1/2"]
[WhiteElo "1704"]
[BlackElo "1963"]
[PlyCount "69"]
[EventDate "2017.??.??"]
[WhiteTeam "SK Lowe Piestany"]
[BlackTeam "SK Slovan Bratislava D"]

1. e4 c5 2. Nf3 e6 3. d4 cxd4 4. Nxd4 a6 5. Nc3 Qc7 6. Bd2 Nf6 7. f3 b5 8. a3
Bb7 9. Bd3 Bc5 10. Nb3 Bd6 11. g3 h5 12. Rf1 h4 13. f4 hxg3 14. hxg3 Be7 15.
Qe2 d6 16. O-O-O Nbd7 17. Rh1 Rxh1 18. Rxh1 Nc5 19. Rh8+ Bf8 20. Nxc5 dxc5 21.
e5 Nd5 22. Nxd5 Bxd5 23. Be4 Qc6 24. Bxd5 Qxd5 25. Kb1 Rd8 26. Ba5 Rd7 27. b4
Qc6 28. bxc5 Rd4 29. Bb4 g6 30. Qh2 Qe4 31. Qh6 Rxb4+ 32. axb4 Qxb4+ 33. Kc1
Qe1+ 34. Kb2 Qb4+ 35. Kc1 1/2-1/2

[Event "SR 2. liga A 2016/2017"]
[Site "?"]
[Date "2018.02.25"]
[Round "9.5"]
[White "Jablonicky, Martin"]
[Black "Farkas, Gabor"]
[Result "1/2-1/2"]
[WhiteElo "2302"]
[BlackElo "2401"]
[PlyCount "109"]
[EventDate "2017.??.??"]
[WhiteTeam "SK Osuske B"]
[BlackTeam "SK Senec"]

1. e4 c5 2. c3 Nf6 3. e5 Nd5 4. Nf3 e6 5. g3 Nc6 6. Bg2 d6 7. exd6 Bxd6 8. d4
O-O 9. O-O cxd4 10. Nxd4 Nxd4 11. Qxd4 Qc7 12. Nd2 Rd8 13. Nc4 Bc5 14. Qe5 Qxe5
15. Nxe5 Bd6 16. Nc4 Bc7 17. Rd1 Rb8 18. Ne3 Nf6 19. Rxd8+ Bxd8 20. b3 b6 21.
Ba3 Bc7 22. Rd1 Bb7 23. Bxb7 Rxb7 24. Be7 Rb8 25. c4 h5 26. Kg2 Re8 27. Bxf6
gxf6 28. Rd7 Rc8 29. Nc2 Kf8 30. Nb4 Ke8 31. Rd4 Be5 32. Rh4 f5 33. Rxh5 Bc3
34. Na6 Ke7 35. Rh4 Be5 36. c5 f4 37. gxf4 Bd4 38. f5 e5 39. b4 bxc5 40. Nxc5
Bxc5 41. bxc5 Rxc5 42. Ra4 a5 43. Kf3 Kf6 44. Ke4 Rc2 45. Rxa5 Rc4+ 46. Kf3
Kxf5 47. Ra3 Rc2 48. Kg3 Kg5 49. h4+ Kg6 50. Ra8 Rc3+ 51. Kg2 Rc4 52. Rg8+ Kf5
53. Kg3 Rc3+ 54. Kg2 Rc4 55. Kg3 1/2-1/2